Dare to dream : (Record no. 2780)

MARC details
000 -LEADER
fixed length control field 01937pam a2200421 a 4500
001 - CONTROL NUMBER
control field 2780
003 - CONTROL NUMBER IDENTIFIER
control field FISKH
005 - DATE AND TIME OF LATEST TRANSACTION
control field 20240717091637.0
008 - FIXED-LENGTH DATA ELEMENTS--GENERAL INFORMATION
fixed length control field 930922s1994 nyua j b 001 0beng
010 ## - LIBRARY OF CONGRESS CONTROL NUMBER
LC control number 93033573
020 ## - INTERNATIONAL STANDARD BOOK NUMBER
International Standard Book Number 0525674268 :
020 ## - INTERNATIONAL STANDARD BOOK NUMBER
International Standard Book Number 9780439168410
040 ## - CATALOGING SOURCE
Original cataloging agency DLC
Transcribing agency DLC
Modifying agency DLC
Language of cataloging eng
042 ## - AUTHENTICATION CODE
Authentication code lcac
043 ## - GEOGRAPHIC AREA CODE
Geographic area code n-us---
050 00 - LIBRARY OF CONGRESS CALL NUMBER
Classification number E185.97.K47
Item number M43 1994
082 00 - DEWEY DECIMAL CLASSIFICATION NUMBER
Classification number 323/.092
-- B
Edition number 20
100 1# - MAIN ENTRY--PERSONAL NAME
Personal name Medearis, Angela Shelf,
Dates associated with a name 1956-
245 10 - TITLE STATEMENT
Title Dare to dream :
Remainder of title Coretta Scott King and the civil rights movement /
Statement of responsibility, etc. by Angela Shelf Medearis ; illustrated by Anna Rich.
250 ## - EDITION STATEMENT
Edition statement First Scholastic printing, January 2000
260 ## - PUBLICATION, DISTRIBUTION, ETC.
Place of publication, distribution, etc. New York :
Name of publisher, distributor, etc. Scholastic,
Date of publication, distribution, etc. 1994
300 ## - PHYSICAL DESCRIPTION
Extent 60 pages :
Other physical details illustrations ;
Dimensions 20 cm
520 ## - SUMMARY, ETC.
Summary, etc. Dare to Dream chronicles the vision and life of Coretta Scott King, wife of Dr. Martin Luther King, Jr. and provides young readers with a clear, concise chronology of the civil rights movement. Through years of turmoil and violent hatred that deprived a movement of its greatest leader, Coretta Scott King has remained a lasting figure of peace and harmony.
600 10 - SUBJECT ADDED ENTRY--PERSONAL NAME
Personal name King, Coretta Scott,
Dates associated with a name 1927-2006
Form subdivision Juvenile literature.
600 10 - SUBJECT ADDED ENTRY--PERSONAL NAME
Personal name King, Martin Luther,
Titles and other words associated with a name Jr.,
Dates associated with a name 1929-1968
Form subdivision Juvenile literature.
600 11 - SUBJECT ADDED ENTRY--PERSONAL NAME
Personal name King, Coretta Scott,
Dates associated with a name 1927-2006.
650 #0 - SUBJECT ADDED ENTRY--TOPICAL TERM
Topical term or geographic name entry element African Americans
General subdivision Civil rights
Form subdivision Juvenile literature.
650 #0 - SUBJECT ADDED ENTRY--TOPICAL TERM
Topical term or geographic name entry element Civil rights movements
Geographic subdivision United States
General subdivision History
Chronological subdivision 20th century
Form subdivision Juvenile literature.
650 #0 - SUBJECT ADDED ENTRY--TOPICAL TERM
Topical term or geographic name entry element African Americans
Form subdivision Biography
-- Juvenile literature.
650 #0 - SUBJECT ADDED ENTRY--TOPICAL TERM
Topical term or geographic name entry element Civil rights workers
Geographic subdivision United States
Form subdivision Biography
-- Juvenile literature.
650 #1 - SUBJECT ADDED ENTRY--TOPICAL TERM
Topical term or geographic name entry element Civil rights workers.
650 #1 - SUBJECT ADDED ENTRY--TOPICAL TERM
Topical term or geographic name entry element Civil rights movements
General subdivision History.
650 #1 - SUBJECT ADDED ENTRY--TOPICAL TERM
Topical term or geographic name entry element African Americans
Form subdivision Biography.
650 #1 - SUBJECT ADDED ENTRY--TOPICAL TERM
Topical term or geographic name entry element Women
Form subdivision Biography.
700 1# - ADDED ENTRY--PERSONAL NAME
Personal name Rich, Anna,
Dates associated with a name 1956-
Relator term illustrator
906 ## - LOCAL DATA ELEMENT F, LDF (RLIN)
a 7
b cbc
c orignew
d 1
e ocip
f 19
g y-gencatlg
942 ## - ADDED ENTRY ELEMENTS (KOHA)
Source of classification or shelving scheme Dewey Decimal Classification
Koha item type Books
Suppress in OPAC No
Holdings
Withdrawn status Lost status Source of classification or shelving scheme Damaged status Not for loan Collection Home library Current library Shelving location Date acquired Total Checkouts Full call number Barcode Date last seen Copy number Price effective from Koha item type
    Dewey Decimal Classification     Non-Fiction Footprints International School Library Network Toul Kork Campus Footprints International School Library Network Toul Kork Campus A TK Campus, 4th Floor, Room B401, Non-Fiction Bookcases(7-8) 01/15/2024   MED 323.092 E185.K47 FISSE01437 01/15/2024 1 01/15/2024 Books
    Dewey Decimal Classification     Non-Fiction Footprints International School Library Network Toul Kork Campus Footprints International School Library Network Toul Kork Campus   05/21/2024   MED 323.092 E185.K47 2024-0665 05/21/2024 2 05/21/2024 Books
    Dewey Decimal Classification     Non-Fiction Footprints International School Library Network Toul Kork Campus Footprints International School Library Network Toul Kork Campus A TK Campus, 4th Floor, Room B401, Non-Fiction Bookcases(7-8) 07/17/2024   MED 323.092 E185.K47 FISTK04869 07/17/2024 3 07/17/2024 Books